000 00598nam a22001337a 4500
008 140819b xxu||||| |||| 00| 0 eng d
020 _a0406094225
050 _aKD276.3.L39(1893 vol.2)
245 _aThe law reports (1893 vol.2) Chancery division: of the incorporated council of law reporting, supreme court of judicature cases determined in the chancery division and in lunacy and on appeal therefrom in the court of appeal. /
_cedited by Hemming, G.W.
260 _aLondon:
_bButterworth & Co Ltd,
_c1893.
300 _axii,667p.:
_c24cm.
440 _pchancery division.
_vvol.2.
942 _2lcc
_cBK
999 _c3500
_d11000